241221 - Quiz quotidien du 21 décembre 2024 - Statistiques

Statistiques générales
  • Ce quiz a été pris 47 fois
  • Le résultat moyen est 5 sur 10
Statistiques - réponses
Question Réponse % Correct
Quel produit, scotché à un mur, s'est vendu pour 6,24 millions de dollars lors d'une vente aux enchères d'art à New York en 2024 ? Banane
100%
Qui a écrit la chanson Highway to Hell ? AC/DC
71%
Parmi tous les insectes, lequel est communément considéré comme ayant la piqûre la plus douloureuse ? fourmi balle de fusil
71%
Quelle ville est connue comme la capitale financière de la Chine ? Shanghai
71%
Quelle étendue d'eau sépare l'Arabie Saoudite de l'Afrique ? Mer Rouge
57%
Qui dit : « Soyez très très silencieux, je chasse les lapins » ? Elmer Fudd
43%
De quel État Ronald Reagan était-il gouverneur ? Californie
29%
Laquelle de ces personnes savait probablement parlé l’araméen ? Jésus
29%
Quel pays est devenu, en 1960, le premier à élire une femme chef de gouvernement ? Sri Lanka
14%
Quelle unité de temps est la plus courte ? Temps de Planck
14%
Aucun quiz correspondant
Distribution des résultats
% des personnes avec chaque résultat
Percentile par nombre de réponses
Votre historique - résultats
Vous n’avez pas pris ce quiz